| 000 -NÁVESTIE |
| fixed length control field |
01681cam a2200493 a 4500 |
| 001 - EVIDENČNÉ ČÍSLO ZÁZNAMU - Kontrolné číslo |
| control field |
vtls001450985 |
| 005 - DÁTUM A ČAS POSLEDNEJ TRANSAKCIE |
| control field |
20220421130836.0 |
| 008 - ÚDAJE S PEVNOU DĹŽKOU – VŠEOBECNÉ INFORMÁCIE |
| fixed length control field |
160324s2002 xo agl grn 00000 slo |
| 020 ## - MEDZINÁRODNÉ ŠTANDARDNÉ ČÍSLO KNIHY (ISBN) |
| Medzinárodné štandardné číslo knihy (ISBN) |
8088993458 |
| 035 ## - Iný štandardný identifikátor |
| Iný štandardný identifikátor |
SNK000406280 |
| 040 ## - ZDROJ KATALOGIZÁCIE |
| Pôvodná katalogizujúca agentúra |
SNK |
| Jazyk katalogizácie |
slo |
| Prepisujúca agentúra |
SNK |
| Konvencie popisu |
AACR2 |
| 041 1# - KÓD JAZYKA |
| Kód jazyka textu/zvukovej stopy alebo samostatných nápisov |
slo |
| Kód jazyka originálu a/alebo sprostredkujúcich prekladov textu |
eng |
| 044 ## - KÓD KRAJINY VYDAVATEĽA/PRODUCENTA |
| Kód krajiny MARC |
xo |
| Kód krajiny ISO |
SK |
| 072 #7 - KÓD PREDMETOVEJ KATEGÓRIE |
| Kód predmetovej kategórie |
00 |
| Pododdiel kódu predmetovej kategórie |
Veda. Všeobecnosti. Základy vedy a kultúry. Vedecká práca |
| Zdroj |
konspekt |
| 080 ## - ČÍSLO MEDZINÁRODNÉHO DESATINNÉHO TRIEDENIA (MDT) |
| Číslo Medzinárodného desatinného triedenia (MDT) |
902 |
| Identifikátor vydania |
1997 |
| 080 ## - ČÍSLO MEDZINÁRODNÉHO DESATINNÉHO TRIEDENIA (MDT) |
| Číslo Medzinárodného desatinného triedenia (MDT) |
001.94 |
| Identifikátor vydania |
1997 |
| 080 ## - ČÍSLO MEDZINÁRODNÉHO DESATINNÉHO TRIEDENIA (MDT) |
| Číslo Medzinárodného desatinného triedenia (MDT) |
316.7+008 |
| Identifikátor vydania |
1997 |
| 080 ## - ČÍSLO MEDZINÁRODNÉHO DESATINNÉHO TRIEDENIA (MDT) |
| Číslo Medzinárodného desatinného triedenia (MDT) |
94 |
| Identifikátor vydania |
1997 |
| 080 ## - ČÍSLO MEDZINÁRODNÉHO DESATINNÉHO TRIEDENIA (MDT) |
| Číslo Medzinárodného desatinného triedenia (MDT) |
(0.062) |
| Identifikátor vydania |
997 |
| 080 ## - ČÍSLO MEDZINÁRODNÉHO DESATINNÉHO TRIEDENIA (MDT) |
| Číslo Medzinárodného desatinného triedenia (MDT) |
2-236.5:556.166 |
| Identifikátor vydania |
2001 |
| 080 ## - ČÍSLO MEDZINÁRODNÉHO DESATINNÉHO TRIEDENIA (MDT) |
| Číslo Medzinárodného desatinného triedenia (MDT) |
001.94 |
| Identifikátor vydania |
2011 |
| 080 ## - ČÍSLO MEDZINÁRODNÉHO DESATINNÉHO TRIEDENIA (MDT) |
| Číslo Medzinárodného desatinného triedenia (MDT) |
902:904 |
| Identifikátor vydania |
2011 |
| 080 ## - ČÍSLO MEDZINÁRODNÉHO DESATINNÉHO TRIEDENIA (MDT) |
| Číslo Medzinárodného desatinného triedenia (MDT) |
(0.062) |
| Identifikátor vydania |
2011 |
| 100 1# - OSOBNÉ MENÁ – VŠEOBECNÉ INFORMÁCIE |
| Osobné meno |
Knight, Christopher, |
| Dátumy súvisiace s menom |
1950- |
| Kód roly |
aut |
| -- |
2839 |
| 240 10 - UNIFIKOVANÝ NÁZOV |
| Unifikovaný názov |
Uriel's machine |
| Jazyk diela |
Slovensky |
| 245 10 - NÁZOV |
| Názov |
Urielov stroj |
| Zvyšok názvu |
prehistorická technológia, ktorá prežila potopu |
| Údaj o zodpovednosti atď. |
Christopher Knight, Robert Lomas ; [z anglického originálu Uriel's machine preložili Ivona Kautmanová a Milan Thurzo] |
| 250 ## - ÚDAJ O PORADÍ VYDANIA |
| Údaj o poradí vydania |
1. vyd. |
| 260 ## - VYDAVATEĽSKÉ ÚDAJE, DISTRIBÚCIA ATĎ. |
| Miesto publikovania, distribúcie atď. |
Bratislava |
| Názov vydavateľa, distibútora atď. |
Remedium |
| Dátum publikovania, distribúcie atď. |
2002 |
| 300 ## - FYZICKÝ POPIS |
| Rozsah |
414 strán, [31] strán obrazových príloh |
| Ďalšie fyzické detaily |
ilustrácie, schémy, mapy |
| Rozmery |
21 cm |
| 650 07 - PRIDANÝ VSTUP – PREDMET – TEMATICKÉ HESLO |
| Tematické heslo alebo geografický názov ako vstupný prvok |
prehistorické civilizácie |
| Zdroj hesla alebo termínu |
SNKPH |
| -- |
2840 |
| 650 07 - PRIDANÝ VSTUP – PREDMET – TEMATICKÉ HESLO |
| Tematické heslo alebo geografický názov ako vstupný prvok |
potopa sveta |
| Zdroj hesla alebo termínu |
SNKPH |
| -- |
2841 |
| 650 07 - PRIDANÝ VSTUP – PREDMET – TEMATICKÉ HESLO |
| Tematické heslo alebo geografický názov ako vstupný prvok |
nevysvetlené javy |
| Zdroj hesla alebo termínu |
SNKPH |
| -- |
2842 |
| 650 07 - PRIDANÝ VSTUP – PREDMET – TEMATICKÉ HESLO |
| Tematické heslo alebo geografický názov ako vstupný prvok |
archeologické nálezy |
| Zdroj hesla alebo termínu |
SNKPH |
| -- |
2843 |
| 650 07 - PRIDANÝ VSTUP – PREDMET – TEMATICKÉ HESLO |
| Tematické heslo alebo geografický názov ako vstupný prvok |
civilizácie |
| Zdroj hesla alebo termínu |
SNKPH |
| -- |
2844 |
| 655 #7 - INDEXAČNÝ TERMÍN – ŽÁNER/FORMA |
| Údaje o žánri/forme alebo termín, ktorý je prvok fazety |
populárno-náučné publikácie |
| Zdroj termínu |
SNKPH |
| -- |
1486 |
| 700 1# - PRIDANÝ VSTUP – OSOBNÉ MENO |
| Osobné meno |
Lomas, Robert, |
| Dátumy súvisiace s menom |
1947- |
| Kód roly |
aut |
| -- |
2837 |
| 700 1# - PRIDANÝ VSTUP – OSOBNÉ MENO |
| Osobné meno |
Kautmanová, Ivona, |
| Dátumy súvisiace s menom |
1961- |
| Kód roly |
trl |
| -- |
2845 |
| 700 1# - PRIDANÝ VSTUP – OSOBNÉ MENO |
| Osobné meno |
Thurzo, Milan, |
| Dátumy súvisiace s menom |
1942- |
| Kód roly |
trl |
| -- |
2846 |
| 958 ## - Formálny deskriptor |
| Formálny deskriptor |
NB |
| 958 ## - Formálny deskriptor |
| Formálny deskriptor |
OP |
| 958 ## - Formálny deskriptor |
| Formálny deskriptor |
NS |
| 958 ## - Formálny deskriptor |
| Formálny deskriptor |
GB |
| 958 ## - Formálny deskriptor |
| Formálny deskriptor |
TL |